000 01056cam a2200241 4500
001 X121429
008 030226n2003 000 0 eng u
035 _a(Sirsi) u121429
100 _aGrinfeld, M.
245 _aMaintenance access to buildings
260 _c2003
490 _aRIBA Journal
_v110(02) February 2003, xvii-xix(3)
520 _aModule five of an occasional series of CPD features designed to broaden the professional knowledge of practitioners while they work. Gives a concise summary of considerations for the provision of access for maintenance, such as permanent access systems and rope access methods. Suggests further reading references, such as BS 7985: 2002 "Code of practice for the use of rope access methods for industrial purposes".
650 _aCPD
650 _aACCESS EQUIPMENT
650 _aBS 7985: 2002
650 _aSUSPENDED ACCESS EQUIPMENT
650 _aABSEILING
650 _aROPE ACCESS METHODS
690 _aBUILDING AND CONSTRUCTION-REPAIRS AND MAINTENANCE
700 _aGrinfeld, A.
942 _n0
999 _c72156
_d72156